The world of Minecraft : (Record no. 401945)
[ view plain ]
| 000 -LEADER | |
|---|---|
| fixed length control field | 01315nam a2200337 i 4500 |
| 001 - CONTROL NUMBER | |
| control field | zcodcb b8664768 |
| 005 - DATE AND TIME OF LATEST TRANSACTION | |
| control field | 20241115152039.0 |
| 007 - PHYSICAL DESCRIPTION FIXED FIELD--GENERAL INFORMATION | |
| fixed length control field | t|| |
| 008 - FIXED-LENGTH DATA ELEMENTS--GENERAL INFORMATION | |
| fixed length control field | 240404s2024 nyua e 001 0 eng d |
| 010 ## - LIBRARY OF CONGRESS CONTROL NUMBER | |
| LC control number | bl2024027531 |
| 020 ## - INTERNATIONAL STANDARD BOOK NUMBER | |
| International Standard Book Number | 9780593722497 |
| Qualifying information | hardcover |
| 020 ## - INTERNATIONAL STANDARD BOOK NUMBER | |
| International Standard Book Number | 0593722493 |
| 040 ## - CATALOGING SOURCE | |
| Original cataloging agency | GCmBT |
| Language of cataloging | eng |
| Transcribing agency | GCmBT |
| Description conventions | rda |
| 092 ## - LOCALLY ASSIGNED DEWEY CALL NUMBER (OCLC) | |
| Classification number | general nonfiction |
| Item number | Mojang |
| 100 1# - MAIN ENTRY--PERSONAL NAME | |
| Personal name | Mojang Studios |
| Relator code | aut. |
| 9 (RLIN) | 6496563 |
| 245 14 - TITLE STATEMENT | |
| Title | The world of Minecraft : |
| Remainder of title | a visual history of the global phenomenon / |
| Statement of responsibility, etc | written by Edwin Evans-Thirlwell. |
| 250 ## - EDITION STATEMENT | |
| Edition statement | First US edition. |
| 264 #1 - Production, Publication, Distribution, Manufacture, and Copyright Notice. | |
| Place of production, publication, distribution, manufacture | New York : |
| Name of producer, publisher, distributor, manufacturer | Random House Worlds, |
| Date of production, publication, distribution, manufacture, or copyr | [2024] |
| 300 ## - PHYSICAL DESCRIPTION | |
| Extent | 223 pages : |
| Other physical details | illustrations (chiefly color) ; |
| Dimensions | 31 cm. |
| 336 ## - Content Type | |
| Content type term | text |
| 336 ## - Content Type | |
| Content type term | still image |
| 337 ## - Media type | |
| Media type term | unmediated |
| 338 ## - Carrier type | |
| Carrier type term | volume |
| 500 ## - GENERAL NOTE | |
| General note | "Mojang Studios." |
| 500 ## - GENERAL NOTE | |
| General note | Includes index. |
| 520 ## - SUMMARY, ETC. | |
| Summary, etc | Reveals the history of one of the most influential games of all time, exploring how the critically acclaimed game evolved from a one-person project in 2009 to the global gaming phenomenon it is today. |
| 650 #0 - SUBJECT ADDED ENTRY--TOPICAL TERM | |
| Topical term or geographic name as entry element | Minecraft (Game) |
| General subdivision | History. |
| 9 (RLIN) | 6496564 |
| 650 #0 - SUBJECT ADDED ENTRY--TOPICAL TERM | |
| Topical term or geographic name as entry element | Video games |
| General subdivision | History. |
| 9 (RLIN) | 5781792 |
| 650 #0 - SUBJECT ADDED ENTRY--TOPICAL TERM | |
| Topical term or geographic name as entry element | Adventure video games |
| General subdivision | History. |
| 9 (RLIN) | 6496565 |
| 942 ## - ADDED ENTRY ELEMENTS (KOHA) | |
| Source of classification or shelving scheme | Dewey Decimal Classification |
| Koha item type | BOOK |
| Withdrawn status | Lost status | Source of classification or shelving scheme | Damaged status | Not for loan | Collection code | Home library | Current library | Shelving location | Date acquired | Source of acquisition | Total Checkouts | Total Renewals | Full call number | Barcode | Checked out | Date last seen | Date checked out | Cost, replacement price | Price effective from | Koha item type |
|---|---|---|---|---|---|---|---|---|---|---|---|---|---|---|---|---|---|---|---|---|
| Dewey Decimal Classification | General NonFiction | Wasatch County Library | Wasatch County Library | Second Floor | 11/15/2024 | Micromarketing | 9 | 10 | 794.8 Mojang Studios | 34301002137646 | 04/30/2026 | 03/04/2026 | 03/04/2026 | 40.00 | 11/15/2024 | BOOK |
